UBT Library

Understanding American government / (Record no. 41623)

000 -LEADER
fixed length control field 00769cam a2200265 a 4500
001 - CONTROL NUMBER
control field 16654459
005 - DATE AND TIME OF LATEST TRANSACTION
control field 20180202050030.0
008 - FIXED-LENGTH DATA ELEMENTS--GENERAL INFORMATION
fixed length control field 110216s2010 maua b 001 0 eng
010 ## - LIBRARY OF CONGRESS CONTROL NUMBER
LC control number 2010481154
020 ## - INTERNATIONAL STANDARD BOOK NUMBER
International Standard Book Number 9780495568407 (alternate ed.)
020 ## - INTERNATIONAL STANDARD BOOK NUMBER
International Standard Book Number 0495568406 (alternate ed.)
035 ## - SYSTEM CONTROL NUMBER
System control number (OCoLC)ocn652965253
040 ## - CATALOGING SOURCE
Original cataloging agency CSG
Transcribing agency CSG
Modifying agency DLC
041 ## - LANGUAGE CODE
Language code of text/sound track or separate title eng
042 ## - AUTHENTICATION CODE
Authentication code lccopycat
043 ## - GEOGRAPHIC AREA CODE
Geographic area code n-us---
080 ## - UNIVERSAL DECIMAL CLASSIFICATION NUMBER
Universal Decimal Classification number 32
100 ## - Rafti
Rafti 21
101 ## - Shkurtesa
Shkurtesa SHK
245 00 - TITLE STATEMENT
Title Understanding American government /
Statement of responsibility, etc Susan Welch ... [et al.].
504 ## - BIBLIOGRAPHY, ETC. NOTE
Bibliography, etc Includes bibliographical references (p. [514]-556) and index.
906 ## - LOCAL DATA ELEMENT F, LDF (RLIN)
a 7
b cbc
c copycat
d 2
e ncip
f 20
g y-gencatlg
942 ## - ADDED ENTRY ELEMENTS (KOHA)
Source of classification or shelving scheme
Item type Books
Holdings
Withdrawn status Lost status Source of classification or shelving scheme Damaged status Not for loan Collection code Permanent location Current location Shelving location Date acquired Total Checkouts Full call number Barcode Date last seen Price effective from Koha item type
          Koleksioni i përgjithshem UBT - Lipjan UBT - Lipjan Koleksioni i përgjithshem 02/02/2018   32 SUS 002-2997536 02/02/2018 02/02/2018 Books
UBT Library © 2015-2024. All rights reserved University Education for Business and Technology